[Event "4NCL"]
[Site "Barcelo Hotel, Daventry, ENG"]
[Date "2011.03.27"]
[Round "8.31"]
[White "Haldane, Robin W"]
[Black "Tunks, Dominic"]
[Result "0-1"]
[WhiteElo "2166"]
[BlackElo "2076"]
[PlyCount "60"]
[EventDate "2011.??.??"]
[WhiteTeam "Celtic Tigers 1"]
[BlackTeam "Wessex 2"]

1. e4 c5 2. Nf3 d6 3. d4 cxd4 4. Nxd4 Nf6 5. Nc3 a6 6. Bg5 e6 7. f4 Qc7 8. Qf3
Nc6 9. O-O-O Bd7 10. Qg3 Rc8 11. Be2 Nxe4 12. Nxe4 Nxd4 13. Rd2 Qxc2+ 14. Rxc2
Nxe2+ 15. Kb1 Nxg3 16. Rxc8+ Bxc8 17. hxg3 f6 18. Bh4 e5 19. Ka1 Be7 20. Rc1
Bf5 21. fxe5 dxe5 22. Nf2 h5 23. g4 hxg4 24. Bg3 Kf7 25. a3 Rc8 26. Rf1 Ke6 27.
Ka2 Rc2 28. Nd1 Bc5 29. Kb3 Rxg2 30. Kc4 Bd4 0-1

[Event "4NCL"]
[Site "Barcelo Hotel, Daventry, ENG"]
[Date "2011.03.27"]
[Round "8.31"]
[White "Clark, Ian C"]
[Black "Kemp, Peter D"]
[Result "1-0"]
[WhiteElo "2067"]
[BlackElo "2158"]
[PlyCount "47"]
[EventDate "2011.??.??"]
[WhiteTeam "Wessex 2"]
[BlackTeam "Celtic Tigers 1"]

1. e4 e5 2. Nf3 Nc6 3. Bc4 Bc5 4. c3 Nf6 5. d4 exd4 6. cxd4 Bb4+ 7. Bd2 Bxd2+
8. Nbxd2 d5 9. exd5 Nxd5 10. O-O O-O 11. Re1 Nb6 12. Ne5 Nxe5 13. dxe5 Nxc4 14.
Nxc4 Be6 15. Qe2 Qe7 16. Rac1 Rfd8 17. b3 Rd4 18. Qe3 Rad8 19. Nd6 Rb4 20. Qc5
Rg4 21. Qxc7 Rxg2+ 22. Kxg2 Qg5+ 23. Kh1 Rd7 24. Qc5 1-0

[Event "4NCL"]
[Site "Barcelo Hotel, Daventry, ENG"]
[Date "2011.03.27"]
[Round "8.32"]
[White "Duggan, Christopher"]
[Black "Compton, Alistair"]
[Result "1-0"]
[WhiteElo "2030"]
[BlackElo "2046"]
[PlyCount "89"]
[EventDate "2011.??.??"]
[WhiteTeam "Oxford 2"]
[BlackTeam "The Rookies"]

1. e4 e6 2. d4 d5 3. Nd2 Nf6 4. e5 Nfd7 5. c3 c5 6. f4 Nc6 7. Ndf3 a5 8. Bd3
cxd4 9. cxd4 a4 10. Ne2 a3 11. O-O axb2 12. Bxb2 Nb6 13. Ng3 g6 14. Rf2 Bd7 15.
Nf1 Na5 16. Ne3 Rc8 17. Rc1 Be7 18. Rfc2 Rxc2 19. Qxc2 O-O 20. g4 Qa8 21. g5
Rc8 22. Qf2 Rxc1+ 23. Bxc1 Qc8 24. Bd2 Nac4 25. Ng4 Nxd2 26. Qxd2 Ba3 27. Qa5
Qc1+ 28. Kf2 Qb2+ 29. Kg3 Bc6 30. Qa7 Nc4 31. Qb8+ Bf8 32. Qd8 Qb4 33. Nh6+ Kh8
34. Nxf7+ Kg7 35. Qf6+ Kg8 36. Qxe6 Kg7 37. Qf6+ Kg8 38. e6 Bg7 39. Nh6+ Bxh6
40. gxh6 Qf8 41. Qg5 Nd6 42. e7 Qf7 43. Qe5 Nc8 44. f5 gxf5 45. Bxf5 1-0

[Event "4NCL"]
[Site "Barcelo Hotel, Daventry, ENG"]
[Date "2011.03.27"]
[Round "8.32"]
[White "Healey, Michael W"]
[Black "Jones, Christopher M"]
[Result "0-1"]
[WhiteElo "2069"]
[BlackElo "2024"]
[PlyCount "66"]
[EventDate "2011.??.??"]
[WhiteTeam "Oxford 2"]
[BlackTeam "The Rookies"]

1. e4 e5 2. Nf3 Nc6 3. Bb5 f5 4. d3 Nf6 5. O-O Bc5 6. c3 fxe4 7. dxe4 d6 8.
Nbd2 O-O 9. b4 Bb6 10. Nc4 Kh8 11. Qc2 Qe8 12. Nxb6 axb6 13. Ne1 Nh5 14. Be2
Nf4 15. Bf3 Be6 16. g3 Qg6 17. Bg2 Nxg2 18. Nxg2 d5 19. b5 Na5 20. Ba3 Rf7 21.
f4 dxe4 22. Nh4 Qg4 23. Qxe4 exf4 24. Rxf4 Rxf4 25. Qxf4 Qxf4 26. gxf4 Nc4 27.
Bb4 Bd7 28. Re1 Bxb5 29. Be7 Kg8 30. Nf3 Rxa2 31. Bd8 Bc6 32. Rf1 Ne3 33. Re1
Rg2+ 0-1

[Event "4NCL"]
[Site "Barcelo Hotel, Daventry, ENG"]
[Date "2011.03.27"]
[Round "8.32"]
[White "Gibson, Christopher A"]
[Black "Nixon, Rodney J"]
[Result "1-0"]
[WhiteElo "2002"]
[BlackElo "2035"]
[PlyCount "101"]
[EventDate "2011.??.??"]
[WhiteTeam "The Rookies"]
[BlackTeam "Oxford 2"]

1. d4 d5 2. c4 e6 3. Nc3 Nf6 4. Bg5 Be7 5. Nf3 h6 6. Bh4 O-O 7. e3 b6 8. cxd5
exd5 9. Rc1 c6 10. Bd3 Ne4 11. Bxe7 Qxe7 12. O-O Bb7 13. Qc2 c5 14. dxc5 bxc5
15. Rfd1 Nxc3 16. Qxc3 Nd7 17. Qa3 Qe6 18. Bb5 c4 19. Bxd7 Qxd7 20. Rxc4 Qe6
21. Rc7 Qb6 22. Rdc1 Rac8 23. Rxc8 Rxc8 24. Rxc8+ Bxc8 25. Qc3 Ba6 26. Nd4 Qg6
27. Qc1 Qd3 28. h3 Bb7 29. b3 Qa6 30. Qc7 Qb6 31. Qxb6 axb6 32. Kf1 Kf8 33. Ke1
Ke7 34. Kd2 Bc8 35. Kc3 Ba6 36. h4 g6 37. Nc2 Kd6 38. Kd4 Bf1 39. g3 g5 40. Nb4
Bg2 41. Nd3 f6 42. a4 Be4 43. b4 Bf5 44. Nc1 Bd7 45. a5 bxa5 46. bxa5 Bb5 47.
Na2 Bc6 48. Nb4 Ba8 49. a6 f5 50. Nd3 Bc6 51. Ne5 1-0

[Event "4NCL"]
[Site "Barcelo Hotel, Daventry, ENG"]
[Date "2011.03.27"]
[Round "8.32"]
[White "Scott, David A"]
[Black "Jaszkiwskyj, Peter"]
[Result "1-0"]
[WhiteElo "2034"]
[BlackElo "2002"]
[PlyCount "45"]
[EventDate "2011.??.??"]
[WhiteTeam "Oxford 2"]
[BlackTeam "The Rookies"]

1. d4 d5 2. c4 c6 3. cxd5 cxd5 4. Nc3 Nf6 5. Nf3 Nc6 6. Bf4 e6 7. e3 a6 8. Bd3
Bd6 9. Bg3 b5 10. Rc1 Bb7 11. O-O O-O 12. Ne5 Rc8 13. f4 Nd7 14. Nxd7 Qxd7 15.
f5 Bxg3 16. hxg3 e5 17. f6 g6 18. Bf5 Qd6 19. Bxc8 Rxc8 20. g4 g5 21. Rf5 h6
22. Qf3 Nxd4 23. exd4 1-0

[Event "4NCL"]
[Site "Barcelo Hotel, Daventry, ENG"]
[Date "2011.03.27"]
[Round "8.32"]
[White "Turvey, Steven S"]
[Black "Terry, Sean"]
[Result "0-1"]
[WhiteElo "1847"]
[BlackElo "1861"]
[PlyCount "70"]
[EventDate "2011.??.??"]
[WhiteTeam "The Rookies"]
[BlackTeam "Oxford 2"]

1. e4 c5 2. Nf3 Nc6 3. d4 cxd4 4. Nxd4 e6 5. Be3 a6 6. Be2 Nf6 7. Nd2 d5 8. Bf3
e5 9. N4b3 d4 10. Bg5 Be6 11. Be2 h6 12. Bxf6 Qxf6 13. O-O g5 14. Bg4 Bd6 15.
Bxe6 Qxe6 16. Qe2 O-O 17. Rac1 Rfc8 18. Nc4 Bc7 19. c3 b5 20. Ncd2 Bb6 21. cxd4
exd4 22. a3 Ne5 23. Rxc8+ Rxc8 24. Rc1 d3 25. Qe1 Ng4 26. Rxc8+ Qxc8 27. Qc1
Bxf2+ 28. Kf1 Qb8 29. Nf3 Bb6 30. g3 Nxh2+ 31. Nxh2 Qxg3 32. Qc8+ Kg7 33. Qc3+
Kh7 34. Nd4 Qh3+ 35. Ke1 Qe3+ 0-1

[Event "4NCL"]
[Site "Barcelo Hotel, Daventry, ENG"]
[Date "2011.03.27"]
[Round "8.33"]
[White "Habershon, Paul F"]
[Black "Richmond, Peter A"]
[Result "1/2-1/2"]
[WhiteElo "2114"]
[BlackElo "2252"]
[PlyCount "42"]
[EventDate "2011.??.??"]
[WhiteTeam "FCA Solutions 1"]
[BlackTeam "Brown Jack"]

1. e4 g6 2. d4 Bg7 3. Be3 c5 4. c3 cxd4 5. cxd4 d5 6. exd5 Nf6 7. Nc3 O-O 8.
Bc4 Nbd7 9. d6 exd6 10. Nf3 Nb6 11. Be2 Be6 12. O-O Bc4 13. Rc1 Bxe2 14. Qxe2
Qd7 15. Rfd1 Nfd5 16. Nxd5 Nxd5 17. Qd2 Nxe3 18. Qxe3 Rfe8 19. Qd2 Rac8 20. h3
a6 21. b3 Rxc1 1/2-1/2

[Event "4NCL"]
[Site "Barcelo Hotel, Daventry, ENG"]
[Date "2011.03.27"]
[Round "8.33"]
[White "Girdlestone, Paul C"]
[Black "Brown, Alan M"]
[Result "1/2-1/2"]
[WhiteElo "2182"]
[BlackElo "2092"]
[PlyCount "27"]
[EventDate "2011.??.??"]
[WhiteTeam "Brown Jack"]
[BlackTeam "FCA Solutions 1"]

1. Nf3 Nf6 2. d4 e6 3. e3 b6 4. Nbd2 Bb7 5. Bd3 c5 6. O-O Nc6 7. Re1 Be7 8. c3
d5 9. Ne5 O-O 10. f4 Nd7 11. Qh5 f5 12. Nxd7 Qxd7 13. Nf3 Qe8 14. Qxe8 1/2-1/2

[Event "4NCL"]
[Site "Barcelo Hotel, Daventry, ENG"]
[Date "2011.03.27"]
[Round "8.33"]
[White "Smith, Graham M"]
[Black "Padilla Cabero, Pablo"]
[Result "0-1"]
[WhiteElo "2093"]
[BlackElo "2147"]
[PlyCount "136"]
[EventDate "2011.??.??"]
[WhiteTeam "FCA Solutions 1"]
[BlackTeam "Brown Jack"]

1. e4 d6 2. d4 f5 3. Nc3 Nf6 4. Bd3 fxe4 5. Nxe4 Nc6 6. c3 e5 7. Bg5 Be7 8.
Bxf6 Bxf6 9. d5 Ne7 10. Qh5+ Kf8 11. c4 c6 12. dxc6 bxc6 13. Ne2 d5 14. Nxf6
Qa5+ 15. Nc3 gxf6 16. O-O Rb8 17. cxd5 cxd5 18. Rab1 Qb4 19. h3 Kg7 20. Rfd1
Be6 21. a3 Qf4 22. Ne2 Qh6 23. Qxh6+ Kxh6 24. b4 Rhg8 25. Kf1 f5 26. f4 e4 27.
Nd4 Bd7 28. Bc2 Rg3 29. Rb3 Rbg8 30. Rxg3 Rxg3 31. a4 Ra3 32. b5 Rc3 33. Ke2
Ng6 34. Rf1 Kg7 35. a5 Bxb5+ 36. Nxb5 Rxc2+ 37. Ke3 Ra2 38. Nxa7 Rxa5 39. Nc6
Rc5 40. Nd4 Rc3+ 41. Ke2 Kf6 42. g4 fxg4 43. hxg4 Rg3 44. g5+ Kf7 45. Nf5 Rh3
46. Nh6+ Kf8 47. f5 Ne5 48. Rb1 Rh2+ 49. Ke3 Nc4+ 50. Kd4 Rd2+ 51. Kc5 e3 52.
f6 Rb2 53. Ra1 Rb8 54. Kxd5 Nd2 55. Ra7 Rd8+ 56. Kc6 Rc8+ 57. Kb5 Rb8+ 58. Ka6
Nc4 59. Rxh7 Rb6+ 60. Ka7 Ke8 61. Re7+ Kf8 62. Re4 Rc6 63. Rd4 Nd6 64. g6 Nb5+
65. Kb7 Rxf6 66. Rg4 Nd6+ 67. Kb8 Kg7 68. Rg3 Re6 0-1

[Event "4NCL"]
[Site "Barcelo Hotel, Daventry, ENG"]
[Date "2011.03.27"]
[Round "8.33"]
[White "Headlong, Timothy"]
[Black "Reuben, Stewart"]
[Result "1-0"]
[WhiteElo "2177"]
[BlackElo "2129"]
[PlyCount "53"]
[EventDate "2011.??.??"]
[WhiteTeam "Brown Jack"]
[BlackTeam "FCA Solutions 1"]

1. Nf3 c5 2. c4 g6 3. e4 Bg7 4. d4 Nc6 5. dxc5 Qa5+ 6. Nfd2 Nh6 7. Be2 Nd4 8.
O-O Qxc5 9. Nb3 Nxb3 10. axb3 d6 11. Nc3 f5 12. Be3 Qc6 13. Bf3 Bxc3 14. e5 Qd7
15. bxc3 Ng4 16. Bxg4 fxg4 17. exd6 Qxd6 18. Qxd6 exd6 19. Rfd1 a6 20. Rxd6 Bd7
21. Bd4 Rf8 22. Re1+ Kd8 23. Bb6+ Kc8 24. Re7 Bc6 25. b4 Rh8 26. Rxh7 Re8 27.
Re7 1-0

[Event "4NCL"]
[Site "Barcelo Hotel, Daventry, ENG"]
[Date "2011.03.27"]
[Round "8.33"]
[White "Fraser-Mitchell, Jeremy N"]
[Black "Truran, Michael C"]
[Result "1/2-1/2"]
[WhiteElo "2014"]
[BlackElo "2195"]
[PlyCount "40"]
[EventDate "2011.??.??"]
[WhiteTeam "FCA Solutions 1"]
[BlackTeam "Brown Jack"]

1. d4 Nf6 2. c4 c5 3. d5 e6 4. Nc3 exd5 5. cxd5 d6 6. e4 g6 7. f3 Bg7 8. Bg5
O-O 9. Qd2 a6 10. a4 Nbd7 11. Nh3 Re8 12. Be2 h6 13. Be3 Rb8 14. O-O Kh7 15.
Nf2 Ne5 16. Rfb1 Qa5 17. b4 cxb4 18. Na2 g5 19. Rxb4 Nfd7 20. Rab1 Nc5 1/2-1/2

[Event "4NCL"]
[Site "Barcelo Hotel, Daventry, ENG"]
[Date "2011.03.27"]
[Round "8.33"]
[White "Bourne, Johnathan D"]
[Black "Williamson, Kevin J"]
[Result "1/2-1/2"]
[WhiteElo "2075"]
[BlackElo "2065"]
[PlyCount "25"]
[EventDate "2011.??.??"]
[WhiteTeam "Brown Jack"]
[BlackTeam "FCA Solutions 1"]

1. e4 d5 2. exd5 Qxd5 3. Nc3 Qd8 4. d4 Nf6 5. Nf3 Bf5 6. Bd3 Bg6 7. Bxg6 hxg6
8. Be3 e6 9. Qd3 a6 10. O-O-O Nc6 11. Qc4 Nd5 12. Nxd5 Qxd5 13. Qxd5 1/2-1/2

[Event "4NCL"]
[Site "Barcelo Hotel, Daventry, ENG"]
[Date "2011.03.27"]
[Round "8.34"]
[White "Sully, David J"]
[Black "Crouch, Colin S"]
[Result "1-0"]
[WhiteElo "2106"]
[BlackElo "2343"]
[PlyCount "96"]
[EventDate "2011.??.??"]
[WhiteTeam "The Full Ponty"]
[BlackTeam "Braille Chess Assoc"]

1. e4 d5 2. exd5 Qxd5 3. Nc3 Qd6 4. d4 Nf6 5. Nf3 c6 6. g3 Bg4 7. Bg2 e6 8. O-O
Nbd7 9. Bf4 Qb4 10. Qd2 Bxf3 11. Bxf3 Bd6 12. Be3 Bc7 13. a3 Qe7 14. Rfe1 Nb6
15. Qe2 O-O 16. Rad1 Nbd5 17. Ne4 Nxe4 18. Bxe4 Nxe3 19. Qxe3 Rad8 20. c3 Rd7
21. b4 Rfd8 22. Bf3 Qf6 23. Kg2 g6 24. h4 h5 25. Qe4 Bd6 26. Qe3 Bf8 27. Qe4
Bg7 28. Qc2 Qe7 29. Rd2 Qd6 30. Rde2 b6 31. Be4 c5 32. dxc5 bxc5 33. b5 c4 34.
a4 Qa3 35. Bxg6 fxg6 36. Qxg6 Qxc3 37. Rxe6 Rf8 38. R1e3 Rd3 39. Qxh5 Rxe3 40.
Rxe3 Qd4 41. Qe2 Qd5+ 42. Kg1 c3 43. h5 Qf5 44. h6 Bd4 45. Qc4+ Qf7 46. h7+
Kxh7 47. Qd3+ Kg8 48. Rf3 Qxf3 1-0

[Event "4NCL"]
[Site "Barcelo Hotel, Daventry, ENG"]
[Date "2011.03.27"]
[Round "8.34"]
[White "Ross, Chris N"]
[Black "Adams, Mark A"]
[Result "1-0"]
[WhiteElo "2220"]
[BlackElo "2040"]
[PlyCount "80"]
[EventDate "2011.??.??"]
[WhiteTeam "Braille Chess Assoc"]
[BlackTeam "The Full Ponty"]

1. e4 c5 2. Nf3 a6 3. c3 d5 4. exd5 Qxd5 5. d4 Nf6 6. Be2 e6 7. O-O Be7 8. Ne5
cxd4 9. cxd4 O-O 10. Nc3 Qd8 11. Bf3 Nbd7 12. Bg5 Rb8 13. Rc1 Nd5 14. Bd2 N7f6
15. Qb3 Nxc3 16. bxc3 Bd6 17. Nc4 Bc7 18. Bg5 h6 19. Bh4 g5 20. Bg3 Nd7 21. Nd6
Nb6 22. Nxc8 Nxc8 23. Bxc7 Qxc7 24. c4 Ne7 25. d5 exd5 26. cxd5 Qd6 27. h4 Nf5
28. hxg5 hxg5 29. Rc4 Nh4 30. Rg4 Nxf3+ 31. Qxf3 f6 32. Qf5 Kg7 33. Re1 Rbd8
34. Re6 Qc7 35. g3 Rf7 36. Rge4 Qc1+ 37. Kg2 Rh8 38. Re1 Qc4 39. Rxf6 Rxf6 40.
Re7+ Kg8 1-0

[Event "4NCL"]
[Site "Barcelo Hotel, Daventry, ENG"]
[Date "2011.03.27"]
[Round "8.34"]
[White "Lilley, Graham"]
[Black "Davis, Lee"]
[Result "1/2-1/2"]
[WhiteElo "2081"]
[BlackElo "1974"]
[PlyCount "33"]
[EventDate "2011.??.??"]
[WhiteTeam "Braille Chess Assoc"]
[BlackTeam "The Full Ponty"]

1. d4 Nf6 2. c4 e6 3. Nc3 Bb4 4. Qc2 c5 5. dxc5 Qa5 6. Bd2 Bxc3 7. Bxc3 Qxc5 8.
e3 Nc6 9. Nf3 b6 10. Be2 Bb7 11. O-O h6 12. Rad1 Qe7 13. Ne5 O-O 14. Bf3 Rfd8
15. Nxc6 Bxc6 16. Bxc6 dxc6 17. Bxf6 1/2-1/2

[Event "4NCL"]
[Site "Barcelo Hotel, Daventry, ENG"]
[Date "2011.03.27"]
[Round "8.34"]
[White "Perrett, David C"]
[Black "Hilton, Steve H"]
[Result "0-1"]
[WhiteElo "1961"]
[BlackElo "1919"]
[PlyCount "74"]
[EventDate "2011.??.??"]
[WhiteTeam "The Full Ponty"]
[BlackTeam "Braille Chess Assoc"]

1. d4 Nf6 2. Bg5 c5 3. Bxf6 gxf6 4. d5 Qb6 5. Qc1 d6 6. c3 Bf5 7. Nd2 Bh6 8. e3
Nd7 9. f4 Nf8 10. g3 Rc8 11. e4 Bd7 12. Nc4 Qc7 13. a4 Rg8 14. Nf3 Ng6 15. Qd1
Bg4 16. h3 Bd7 17. Kf2 Bg7 18. Qd3 h5 19. h4 Bh6 20. Rg1 Kf8 21. f5 Ne5 22.
Nfxe5 fxe5 23. Be2 Rb8 24. Bxh5 Bxa4 25. Rxa4 b5 26. Ra2 bxc4 27. Qxc4 Rb6 28.
Qe2 c4 29. Bxf7 Kxf7 30. Qh5+ Kg7 31. Qg6+ Kf8 32. Qxh6+ Rg7 33. Kg2 Kg8 34.
Rf1 Qb8 35. Rf2 Qf8 36. Rxa7 Rxg3+ 37. Kxg3 Qxh6 0-1

[Event "4NCL"]
[Site "Barcelo Hotel, Daventry, ENG"]
[Date "2011.03.27"]
[Round "8.35"]
[White "Jones, William EG"]
[Black "Fallowfield, Jeremy"]
[Result "1-0"]
[WhiteElo "2115"]
[BlackElo "2044"]
[PlyCount "43"]
[EventDate "2011.??.??"]
[WhiteTeam "KJCA Kings"]
[BlackTeam "Warwickshire Select 2"]

1. e4 e6 2. d4 d5 3. Nc3 Bb4 4. e5 Ne7 5. a3 Bxc3+ 6. bxc3 c5 7. Qg4 Qc7 8.
Qxg7 Rg8 9. Qxh7 cxd4 10. Ne2 dxc3 11. f4 Nbc6 12. Qd3 d4 13. Rb1 Bd7 14. Rg1
Rd8 15. g4 Ng6 16. Rg3 Bc8 17. Bg2 b6 18. Be4 a6 19. Qc4 Nge7 20. h3 b5 21. Qc5
Qd7 22. Rd3 1-0

[Event "4NCL"]
[Site "Barcelo Hotel, Daventry, ENG"]
[Date "2011.03.27"]
[Round "8.35"]
[White "Webster, Paul"]
[Black "Jones, Victor GL"]
[Result "0-1"]
[WhiteElo "2034"]
[BlackElo "2119"]
[PlyCount "88"]
[EventDate "2011.??.??"]
[WhiteTeam "Warwickshire Select 2"]
[BlackTeam "KJCA Kings"]

1. d4 Nf6 2. Nf3 e6 3. g3 b6 4. Bg2 Bb7 5. O-O Be7 6. c4 O-O 7. Nc3 Na6 8. Re1
Ne4 9. Nxe4 Bxe4 10. Ne5 Bxg2 11. Kxg2 Bf6 12. Nf3 c5 13. Be3 Qc7 14. Rc1 Rfd8
15. Qa4 cxd4 16. Bxd4 Nc5 17. Qc2 Bxd4 18. Nxd4 Qb7+ 19. Nf3 a5 20. b3 d6 21.
Kg1 b5 22. Nd4 b4 23. Nb5 Rac8 24. Red1 d5 25. Qd2 e5 26. Qe3 f6 27. Qf3 d4 28.
Qxb7 Nxb7 29. Na7 Rc7 30. Nb5 Rc6 31. Na7 Ra6 32. Nb5 Nc5 33. Nc7 Rc6 34. Nd5
Kf7 35. f4 Ne4 36. fxe5 fxe5 37. Rf1+ Ke6 38. Rcd1 Nc3 39. Nxc3 bxc3 40. Rf3 e4
41. Rf4 Ke5 42. Re1 Rf6 43. Rg4 g6 44. Kg2 Rdf8 0-1

[Event "4NCL"]
[Site "Barcelo Hotel, Daventry, ENG"]
[Date "2011.03.27"]
[Round "8.35"]
[White "Page, Mark E"]
[Black "Bayliss, Lyall CP"]
[Result "1-0"]
[WhiteElo "2046"]
[BlackElo "1963"]
[PlyCount "53"]
[EventDate "2011.??.??"]
[WhiteTeam "Warwickshire Select 2"]
[BlackTeam "KJCA Kings"]

1. e4 e5 2. Nf3 Nc6 3. Bb5 a6 4. Ba4 Nf6 5. d4 Nxe4 6. Qe2 d5 7. Nxe5 Qd6 8.
Bxc6+ bxc6 9. f3 Nf6 10. Ng6+ Be7 11. Bf4 Qd8 12. Nxh8 Be6 13. O-O Kd7 14. Nxf7
Bxf7 15. Re1 Nh5 16. Bxc7 Qf8 17. Be5 c5 18. Nc3 cxd4 19. Bxd4 Bd6 20. Be5 Bc5+
21. Kh1 g5 22. Rad1 Re8 23. g4 Qh6 24. gxh5 Bd6 25. Qxa6 Bxh5 26. Qxd6+ Qxd6
27. Bxd6 1-0

[Event "4NCL"]
[Site "Barcelo Hotel, Daventry, ENG"]
[Date "2011.03.27"]
[Round "8.36"]
[White "Byron, Alan M"]
[Black "Chin, Francis CW"]
[Result "1-0"]
[WhiteElo "2183"]
[BlackElo "2211"]
[PlyCount "65"]
[EventDate "2011.??.??"]
[WhiteTeam "e2e4.org.uk 2"]
[BlackTeam "Hackney"]

1. Nf3 d5 2. c4 e6 3. d4 c6 4. e3 Bd6 5. Nbd2 Nf6 6. Be2 Nbd7 7. b3 O-O 8. Bb2
Ne4 9. Nxe4 dxe4 10. Nd2 f5 11. Qc2 a5 12. O-O-O Qe7 13. Kb1 a4 14. c5 axb3 15.
axb3 Bc7 16. f3 exf3 17. gxf3 b6 18. cxb6 Nxb6 19. e4 fxe4 20. fxe4 Rf2 21. Bd3
e5 22. Rhf1 Rxh2 23. Qc5 Qd8 24. Nf3 Rxb2+ 25. Kxb2 Be6 26. Qxc6 Bg4 27. Bc4+
Kh8 28. d5 Bd6 29. Ra1 Rc8 30. Ng5 Qxg5 31. Qxb6 Qd2+ 32. Kb1 Rxc4 33. Qd8+ 1-0

[Event "4NCL"]
[Site "Barcelo Hotel, Daventry, ENG"]
[Date "2011.03.27"]
[Round "8.36"]
[White "Talbot, Andrew R"]
[Black "Tasker, Michael W"]
[Result "0-1"]
[WhiteElo "2139"]
[BlackElo "2085"]
[PlyCount "69"]
[EventDate "2011.??.??"]
[WhiteTeam "e2e4.org.uk 2"]
[BlackTeam "Hackney"]

1. d4 Nf6 2. c4 g6 3. Nc3 Bg7 4. e4 d6 5. f3 O-O 6. Bg5 Nc6 7. Nge2 a6 8. Qd2
Rb8 9. d5 Ne5 10. Nd4 c5 11. dxc6 Nxc6 12. Nc2 Be6 13. Bh6 Bxh6 14. Qxh6 Ne5
15. Nd5 Rc8 16. Qd2 Nxc4 17. Bxc4 Rxc4 18. Nxf6+ exf6 19. Ne3 Rc6 20. Kf2 Qb6
21. Rhd1 Rfc8 22. Qd4 Qxd4 23. Rxd4 f5 24. exf5 Bxf5 25. g4 Be6 26. a3 Rb6 27.
Rd2 a5 28. f4 f6 29. f5 Bf7 30. Rb1 Rc5 31. b4 Rc3 32. Rbd1 Rxa3 33. bxa5 Rxa5
34. Rxd6 Ra2+ 35. R1d2 0-1

[Event "4NCL"]
[Site "Barcelo Hotel, Daventry, ENG"]
[Date "2011.03.27"]
[Round "8.36"]
[White "Shaw, Dashiell L"]
[Black "Almond, Richard J"]
[Result "1/2-1/2"]
[WhiteElo "1917"]
[BlackElo "2125"]
[PlyCount "55"]
[EventDate "2011.??.??"]
[WhiteTeam "Hackney"]
[BlackTeam "e2e4.org.uk 2"]

1. e4 d5 2. exd5 Qxd5 3. Nc3 Qa5 4. d4 c6 5. Nf3 Nf6 6. Bc4 Bf5 7. O-O e6 8.
Re1 Nbd7 9. Bd2 Qc7 10. Ne5 Bd6 11. Bf4 O-O 12. Qe2 Nb6 13. Bd3 Bxd3 14. Qxd3
Nbd5 15. Bg3 a6 16. Ne4 Nxe4 17. Qxe4 b5 18. c4 bxc4 19. Rac1 Nb6 20. Nxc4 Bxg3
21. hxg3 Nxc4 22. Rxc4 Qb6 23. b3 Rfd8 24. Rec1 g6 25. Rc5 Rd5 26. R1c4 Rxc5
27. Rxc5 Rc8 28. g4 1/2-1/2

[Event "4NCL"]
[Site "Barcelo Hotel, Daventry, ENG"]
[Date "2011.03.27"]
[Round "8.37"]
[White "Dunlop, Neil J"]
[Black "Cook, Michael P"]
[Result "0-1"]
[WhiteElo "1875"]
[BlackElo "2065"]
[PlyCount "78"]
[EventDate "2011.??.??"]
[WhiteTeam "Bristol 2"]
[BlackTeam "Anglian Avengers 2"]

1. e4 e5 2. Bc4 Nf6 3. d3 Nc6 4. Nc3 Bb4 5. Nge2 d6 6. O-O Be6 7. Nd5 Bxd5 8.
exd5 Ne7 9. a3 Bc5 10. Nc3 O-O 11. Qf3 Nd7 12. Be3 f5 13. b4 Bb6 14. Bxb6 axb6
15. Bb3 Kh8 16. Nb5 Nf6 17. c4 c6 18. dxc6 bxc6 19. Nc3 f4 20. Ne4 Nf5 21. Nd2
Nd4 22. Qd1 Ng8 23. Nf3 Nxf3+ 24. Qxf3 Ne7 25. Ra2 Nf5 26. Rfa1 Nd4 27. Qd1 f3
28. g3 Qd7 29. Bc2 Ne2+ 30. Kh1 Nc3 31. Qf1 Nxa2 32. Rxa2 c5 33. b5 d5 34. Ra1
Rad8 35. Rd1 Qf5 36. Bb1 dxc4 37. dxc4 Rxd1 38. Qxd1 Qh3 39. Qg1 Rd8 0-1

[Event "4NCL"]
[Site "Barcelo Hotel, Daventry, ENG"]
[Date "2011.03.27"]
[Round "8.37"]
[White "Thompson, Robert"]
[Black "Clapham, Michael JW"]
[Result "1-0"]
[WhiteElo "1916"]
[BlackElo "1916"]
[PlyCount "107"]
[EventDate "2011.??.??"]
[WhiteTeam "Bristol 2"]
[BlackTeam "Anglian Avengers 2"]

1. c4 e5 2. g3 Nf6 3. Bg2 d5 4. cxd5 Nxd5 5. Nc3 Nb6 6. Nf3 Nc6 7. O-O Be7 8.
Rb1 O-O 9. b4 f6 10. b5 Nd4 11. d3 Rb8 12. a4 Be6 13. Be3 Bc5 14. a5 Nxf3+ 15.
Bxf3 Bxe3 16. fxe3 Nd5 17. Nxd5 Bxd5 18. Bxd5+ Qxd5 19. Qb3 Rfd8 20. Rfc1 Qxb3
21. Rxb3 Rbc8 22. Rbc3 Rd5 23. Rc5 Rxc5 24. Rxc5 Kf7 25. Kf2 Ke6 26. Kf3 Kd6
27. d4 Re8 28. a6 b6 29. Rc6+ Kd7 30. g4 Re6 31. Rxe6 Kxe6 32. Ke4 g6 33. Kd3
Kd6 34. e4 exd4 35. Kxd4 c6 36. h4 cxb5 37. g5 fxg5 38. hxg5 b4 39. Kc4 Ke5 40.
Kxb4 Kf4 41. e5 Kxg5 42. Kc4 h5 43. Kd5 h4 44. e6 h3 45. e7 h2 46. e8=Q h1=Q+
47. Kd6 Qh7 48. e4 Kf4 49. e5 Qg7 50. e6 Qe5+ 51. Kc6 Kf5 52. Qf7+ Qf6 53.
Qxf6+ Kxf6 54. Kd7 1-0

[Event "4NCL"]
[Site "Barcelo Hotel, Daventry, ENG"]
[Date "2011.03.27"]
[Round "8.38"]
[White "Salimbeni, George PW"]
[Black "Hosken, Nigel K"]
[Result "1/2-1/2"]
[WhiteElo "2159"]
[BlackElo "2101"]
[PlyCount "59"]
[EventDate "2011.??.??"]
[WhiteTeam "Sussex Smart Controls"]
[BlackTeam "Gloucestershire Gambits"]

1. e4 c6 2. Nc3 d5 3. Nf3 Bg4 4. h3 Bxf3 5. Qxf3 e6 6. g3 Nf6 7. Bg2 dxe4 8.
Nxe4 Nxe4 9. Qxe4 Qd5 10. O-O Qxe4 11. Bxe4 Nd7 12. d4 O-O-O 13. Bg2 Bd6 14.
Be3 Kb8 15. c4 Nf6 16. Rab1 e5 17. dxe5 Bxe5 18. b4 Nd7 19. c5 Kc7 20. b5 Nb8
21. Rb3 cxb5 22. Rxb5 Nc6 23. Rfb1 Rb8 24. f4 Bf6 25. Bd5 Rhd8 26. Bxf7 Bd4 27.
Bxd4 Rxd4 28. R1b2 Rd1+ 29. Kf2 a6 30. Rb6 1/2-1/2

[Event "4NCL"]
[Site "Barcelo Hotel, Daventry, ENG"]
[Date "2011.03.27"]
[Round "8.38"]
[White "Waterfield, John W"]
[Black "Fryer, David W"]
[Result "1-0"]
[WhiteElo "2005"]
[BlackElo "2056"]
[PlyCount "97"]
[EventDate "2011.??.??"]
[WhiteTeam "Gloucestershire Gambits"]
[BlackTeam "Sussex Smart Controls"]

1. e4 e5 2. Nf3 d6 3. d4 exd4 4. Qxd4 Nf6 5. Nc3 Be7 6. Bf4 O-O 7. O-O-O Nc6 8.
Qd2 Be6 9. Bb5 a6 10. Bxc6 bxc6 11. e5 Nd5 12. Nd4 Nxf4 13. Nxc6 Qe8 14. Nxe7+
Qxe7 15. Qxf4 dxe5 16. Qxe5 Qb4 17. Rd4 Qb7 18. Qe4 c6 19. Rb4 Qc7 20. Qf4 Qe7
21. Rb6 Qc5 22. Qe3 Qa5 23. Rxc6 Rfb8 24. Qc5 Qd8 25. g3 h6 26. Rd1 Qe8 27. Nd5
Rb5 28. Qd6 Bxd5 29. Rxd5 Rxd5 30. Qxd5 Qe1+ 31. Qd1 Qxf2 32. Rd6 Qxh2 33. Rd8+
Rxd8 34. Qxd8+ Kh7 35. Qd3+ g6 36. b4 Qg1+ 37. Kb2 Qb6 38. Kb3 h5 39. c4 f5 40.
Qd7+ Kh6 41. c5 Qb8 42. Qd2+ Kg7 43. Qd7+ Kh6 44. Qd6 Qg8+ 45. Ka3 Qa8 46. c6
a5 47. b5 h4 48. gxh4 Kh5 49. Qf4 1-0

[Event "4NCL"]
[Site "Barcelo Hotel, Daventry, ENG"]
[Date "2011.03.27"]
[Round "8.38"]
[White "Hoare, Amy B"]
[Black "Ponter, Ian P"]
[Result "1-0"]
[WhiteElo "1916"]
[BlackElo "2040"]
[PlyCount "66"]
[EventDate "2011.??.??"]
[WhiteTeam "Sussex Smart Controls"]
[BlackTeam "Gloucestershire Gambits"]

1. e4 e5 2. Bc4 Nc6 3. d3 d6 4. Nc3 Nf6 5. f4 Bg4 6. Nge2 Qd7 7. h3 Bxe2 8.
Qxe2 Be7 9. f5 Nd4 10. Qf2 b5 11. Bb3 a5 12. a3 Nxb3 13. cxb3 d5 14. g4 dxe4
15. dxe4 h6 16. Qe2 c6 17. Bd2 Qb7 18. Rc1 O-O 19. h4 b4 20. axb4 axb4 21. Nd1
c5 22. Nf2 Rfd8 23. g5 Rxd2 24. Kxd2 Ne8 25. gxh6 c4 26. Rxc4 Rd8+ 27. Kc2 Nd6
28. Qg4 Bf8 29. Rc5 Nb5 30. Rc4 Nd4+ 31. Kb1 Nxb3 32. hxg7 Nd2+ 33. Kc1 Re8 1-0